Resultat des Finales de Ligue des Champions - Statistiques

Statistiques générales
  • Ce quiz a été pris 18 fois
  • Le résultat moyen est 94 sur 213
Statistiques - réponses
Gagnant % Correct
Real Madrid
92%
Real Madrid
85%
Stade de Reims
77%
1-1 (4-3)
69%
5-0
69%
Arsenal
69%
Inter Milan
69%
Inter Milan
69%
Marseille
69%
Porto
69%
PSG
69%
PSG
69%
Real Madrid
69%
1-0
62%
1-0
62%
2-0
62%
3-1
62%
4-1
62%
AC Milan
62%
AC Milan
62%
Atletico Madrid
62%
Barcelone
62%
Barcelone
62%
Barcelone
62%
Barcelone
62%
Bayern Munich
62%
Bayern Munich
62%
Borussia Dortmund
62%
Borussia Dortmund
62%
Chelsea
62%
Chelsea
62%
Inter Milan
62%
Juventus
62%
Manchester City
62%
Manchester United
62%
Manchester United
62%
PSG
62%
Real Madrid
62%
Real Madrid
62%
Real Madrid
62%
Real Madrid
62%
Real Madrid
62%
Real Madrid
62%
Real Madrid
62%
Stade de Reims
62%
1-0
54%
1-0
54%
1-0
54%
1-1 (5-3)
54%
2-0
54%
2-0
54%
2-1
54%
2-1
54%
3-0
54%
3-1
54%
4-1
54%
AC Milan
54%
AC Milan
54%
Ajax
54%
Atletico Madrid
54%
Bayern Munich
54%
Bayern Munich
54%
Bayern Munich
54%
Bayern Munich
54%
Chelsea
54%
Juventus
54%
Liverpool
54%
Liverpool
54%
Liverpool
54%
Liverpool
54%
Manchester City
54%
Manchester United
54%
Manchester United
54%
Monaco
54%
Real Madrid
54%
Real Madrid
54%
Real Madrid
54%
Tottenham
54%
Valence
54%
1-1(4-3)
46%
1-1(5-4)
46%
1-1(6-5)
46%
2-0
46%
2-1
46%
2-1
46%
2-1
46%
3-0
46%
3-1
46%
3-3(3-2)
46%
4-0
46%
4-3
46%
AC Milan
46%
AC Milan
46%
Arsenal
46%
Barcelone
46%
Barcelone
46%
Bayer Leverkusen
46%
Benfica
46%
Benfica
46%
Borussia Dortmund
46%
Crvena Zvezda
46%
Inter Milan
46%
Inter Milan
46%
Juventus
46%
Juventus
46%
Juventus
46%
Juventus
46%
Liverpool
46%
Liverpool
46%
Marseille
46%
Real Madrid
46%
Real Madrid
46%
Saint-Étienne
46%
Valence
46%
0-0(3-2)
38%
0-0(6-5)
38%
1-0
38%
2-0
38%
3-1
38%
AC Milan
38%
AC Milan
38%
AC Milan
38%
AC Milan
38%
Ajax
38%
Ajax
38%
Ajax
38%
Aston Villa
38%
Barcelone
38%
Bayern Munich
38%
Bayern Munich
38%
Bayern Munich
38%
Bayern Munich
38%
Benfica
38%
Benfica
38%
Benfica
38%
Celtic
38%
Feyenoord
38%
Hamburg
38%
Juventus
38%
Liverpool
38%
Liverpool
38%
Liverpool
38%
Liverpool
38%
Manchester United
38%
Nottingham Forest
38%
Nottingham Forest
38%
Partizan
38%
Porto
38%
PSV
38%
Real Madrid
38%
Sampdoria
38%
Steaua Bucarest
38%
0-0(5-3)
31%
1-0
31%
1-0
31%
1-0
31%
1-1(4-2)
31%
2-1
31%
3-1
31%
3-2
31%
Ajax
31%
Ajax
31%
AS Roma
31%
Atletico Madrid
31%
Benfica
31%
Benfica
31%
Borussia Mönchengladbach
31%
Eintracht Francfort
31%
Fiorentina
31%
Inter Milan
31%
Real Madrid
31%
0-0(2-0)
23%
1-0
23%
1-0
23%
1-0
23%
1-0
23%
1-0
23%
1-0
23%
1-0
23%
1-0
23%
1-0
23%
1-0
23%
1-1,4-0
23%
1-1(4-2)
23%
2-0
23%
2-0
23%
2-0
23%
2-0
23%
2-1
23%
2-1
23%
2-1
23%
2-1
23%
3-1
23%
3-2
23%
4-0
23%
4-1
23%
4-1
23%
5-3
23%
7-3
23%
AC Milan
23%
Barcelone
23%
Bayern Munich
23%
Celtic
23%
Club Bruges
23%
Hamburg
23%
Inter Milan
23%
Juventus
23%
Juventus
23%
Leeds
23%
Malmö
23%
Panathinaïkos
23%
Real Madrid
23%
Steaua Bucarest
23%
Aucun quiz correspondant
Distribution des résultats
% des personnes avec chaque résultat
Percentile par nombre de réponses
Votre historique - résultats
Vous n’avez pas pris ce quiz